Instructor's Resource Guide Business Communication Toward 2000

Gespeichert in:
Bibliographische Detailangaben
1. Verfasser: Smith, Dayle M.
Format: Buch
Sprache:Englisch
Veröffentlicht: Cincinnati South-Western Publ. Co. 1992
Ausgabe:1. ed.
Schlagworte:
Tags: Tag hinzufügen
Keine Tags, Fügen Sie das erste Tag hinzu!

MARC

LEADER 00000nam a2200000 4500
001 c010451
005 20221221080655.9
020 |a 0-538-81791-7 
041 0 |a eng 
044 |a US 
245 1 0 |a Instructor's Resource Guide Business Communication  |b Toward 2000  |c Dayle M. Smith 
250 |a 1. ed. 
264 1 |a Cincinnati  |b South-Western Publ. Co.  |c 1992 
300 |a 310 s. 
610 2 0 |a komunikácia 
610 2 0 |a korešpondencia 
610 2 0 |a obchod 
610 2 0 |a štúdie prípadové 
100 1 |a Smith, Dayle M.